10 Closest Capitals to Bosnia & Herzegovina Quiz Stats

Quiz Updated Sep 24, 2014

Challenge
Share
Tweet
Embed
Score 0/10 Timer 03:00
5 Plays Today
Capital % Correct
Zagreb, Croatia
88.5%
Budapest, Hungary
84.3%
Belgrade, Serbia
82.9%
Sofia, Bulgaria
79.6%
Tirana, Albania
75.6%
Skopje, Macedonia
71.9%
Ljubljana, Slovenia
70.3%
Pristina, Kosovo
68.7%
Podgorica, Montenegro
64.8%
San Marino, San Marino
49.3%

You're not logged in!

Compare scores with friends on all Sporcle quizzes.
Sign Up with Email
OR
Log In

You Might Also Like...

Show Comments

Extras

Top Quizzes Today


Score Distribution

Your Account Isn't Verified!

In order to create a playlist on Sporcle, you need to verify the email address you used during registration. Go to your Sporcle Settings to finish the process.